SOCIOLOGIA DEL CONOCIMIENTO/
TRADUCCION DE: SOCIOLOGIE DE LA CONNAISSANCE
Guardado en:
| 其他作者: | |
|---|---|
| 格式: | 圖書 |
| 主題: | |
| 標簽: |
沒有標簽, 成為第一個標記此記錄!
|
MARC
| LEADER | 00000nam^a2200000^a^4500 | ||
|---|---|---|---|
| 001 | 000223131 | ||
| 005 | 20250521000000.0 | ||
| 009 | 20260310104006.948 | ||
| 020 | |a 968-16-1232-9 | ||
| 035 | |a 042170 | ||
| 037 | |a Acervo Xavier Clavigero | ||
| 082 | |a 306. 42 |b SOC | ||
| 245 | 1 | 0 | |a SOCIOLOGIA DEL CONOCIMIENTO/ |c PIERRE ANSART ...[ ET. AL.]; TR. DIANA IRENE GALAK |
| 264 | |a MEXICO : |b FONDO DE CULTURA ECONOMICA, |c 1982 | ||
| 300 | |a 282p. | ||
| 336 | |a texto |b txt |2 rdacontenido | ||
| 337 | |a sin mediación |b n |2 rdamedio | ||
| 338 | |a volumen |b nc |2 rdasoporte | ||
| 520 | |a TRADUCCION DE: SOCIOLOGIE DE LA CONNAISSANCE | ||
| 649 | |a XX | ||
| 650 | |a Sociología del Conocimiento | ||
| 700 | |a Ansart, Pierre |e (autor) | ||
| 910 | |a Fondo General | ||
| 920 | |a Impresos - Libros | ||
| 930 | |a Colección General | ||
| 905 | |a 101 | ||
| 901 | |a 042170 |b IT1 |c ACC |i 042170 |u 20250521 | ||
| 902 | |a https://opac.biblio.iteso.mx/vufind/Record/000223131 | ||